<?xml version="1.0" encoding="UTF-8"?>
<record
    xmlns:xsi="http://www.w3.org/2001/XMLSchema-instance"
    xsi:schemaLocation="http://www.loc.gov/MARC21/slim http://www.loc.gov/standards/marcxml/schema/MARC21slim.xsd"
    xmlns="http://www.loc.gov/MARC21/slim">

  <leader>00755nam a22001577a 4500</leader>
  <controlfield tag="003">OSt</controlfield>
  <controlfield tag="005">20150926105832.0</controlfield>
  <controlfield tag="008">150926b        xxu||||| |||| 00| 0 eng d</controlfield>
  <datafield tag="040" ind1=" " ind2=" ">
    <subfield code="c">RUA</subfield>
  </datafield>
  <datafield tag="082" ind1=" " ind2=" ">
    <subfield code="a">AGR HOU 2010 B047 Or.1</subfield>
  </datafield>
  <datafield tag="100" ind1=" " ind2=" ">
    <subfield code="9">1376</subfield>
    <subfield code="a">HOUT, VANNY</subfield>
  </datafield>
  <datafield tag="245" ind1=" " ind2=" ">
    <subfield code="a">Comparision of insect on cashew tree in koun mom district and ou chum district ratankiri province, &#x1780;&#x17B6;&#x179A;&#x1794;&#x17D2;&#x179A;&#x17C0;&#x1794;&#x1792;&#x17C0;&#x1794;&#x179C;&#x178F;&#x17D2;&#x178F;&#x1798;&#x1790;&#x17B6;&#x1793;&#x179F;&#x178F;&#x17D2;&#x179C;&#x179B;&#x17D2;&#x17A2;&#x17B7;&#x178F;&#x179B;&#x17BE;&#x178A;&#x17C6;&#x178E;&#x17B6;&#x17C6;&#x179F;&#x17D2;&#x179C;&#x17B6;&#x1799;&#x1785;&#x1793;&#x17D2;&#x1791;&#x17B8; &#x1780;&#x17D2;&#x1793;&#x17BB;&#x1784;&#x179B;&#x1780;&#x17D2;&#x1781;&#x1781;&#x178E;&#x17D2;&#x1781;&#x179F;&#x17D2;&#x179A;&#x17BB;&#x1780;&#x17A2;&#x17BC;&#x179A;&#x1787;&#x17BB;&#x17C6; &#x1793;&#x17B7;&#x1784; &#x179F;&#x17D2;&#x179A;&#x17BB;&#x1780;&#x1780;&#x17BC;&#x1793;&#x1798;&#x17BB;&#x17C6;&#x1793;&#x17C3;&#x1781;&#x17C1;&#x178F;&#x17D2;&#x178F;&#x179A;&#x178F;&#x1793;&#x1782;&#x17B7;&#x179A;&#x17B8;</subfield>
  </datafield>
  <datafield tag="260" ind1=" " ind2=" ">
    <subfield code="a">Phnom Penh</subfield>
    <subfield code="b">RUA</subfield>
    <subfield code="c">2010</subfield>
  </datafield>
  <datafield tag="300" ind1=" " ind2=" ">
    <subfield code="a">ix, 47p.</subfield>
    <subfield code="b">ill.</subfield>
    <subfield code="c">29cm.</subfield>
  </datafield>
  <datafield tag="942" ind1=" " ind2=" ">
    <subfield code="2">ddc</subfield>
    <subfield code="c">AGR</subfield>
  </datafield>
  <datafield tag="999" ind1=" " ind2=" ">
    <subfield code="c">1292</subfield>
    <subfield code="d">1292</subfield>
  </datafield>
  <datafield tag="952" ind1=" " ind2=" ">
    <subfield code="0">0</subfield>
    <subfield code="1">0</subfield>
    <subfield code="2">ddc</subfield>
    <subfield code="4">0</subfield>
    <subfield code="6">AGR_HOU_2010_000000000000000_B047_OR_1</subfield>
    <subfield code="7">0</subfield>
    <subfield code="9">5527</subfield>
    <subfield code="a">LBB</subfield>
    <subfield code="b">LBB</subfield>
    <subfield code="c">B047</subfield>
    <subfield code="d">2015-09-26</subfield>
    <subfield code="o">AGR HOU 2010 B047 Or.1</subfield>
    <subfield code="p">RUA006225</subfield>
    <subfield code="r">2015-09-26</subfield>
    <subfield code="w">2015-09-26</subfield>
    <subfield code="y">AGR</subfield>
  </datafield>
  <datafield tag="952" ind1=" " ind2=" ">
    <subfield code="0">0</subfield>
    <subfield code="1">0</subfield>
    <subfield code="2">ddc</subfield>
    <subfield code="4">0</subfield>
    <subfield code="6">AGR_HOU_2010_000000000000000_B047_OR_2</subfield>
    <subfield code="7">0</subfield>
    <subfield code="9">5528</subfield>
    <subfield code="a">LBB</subfield>
    <subfield code="b">LBB</subfield>
    <subfield code="c">B047</subfield>
    <subfield code="d">2015-09-26</subfield>
    <subfield code="o">AGR HOU 2010 B047 Or.2</subfield>
    <subfield code="p">RUA006996</subfield>
    <subfield code="r">2015-09-26</subfield>
    <subfield code="w">2015-09-26</subfield>
    <subfield code="y">AGR</subfield>
  </datafield>
  <datafield tag="952" ind1=" " ind2=" ">
    <subfield code="0">0</subfield>
    <subfield code="1">0</subfield>
    <subfield code="2">ddc</subfield>
    <subfield code="4">0</subfield>
    <subfield code="6">AGR_HOU_2010_000000000000000_B047_OR_3</subfield>
    <subfield code="7">0</subfield>
    <subfield code="9">5529</subfield>
    <subfield code="a">LBB</subfield>
    <subfield code="b">LBB</subfield>
    <subfield code="c">B047</subfield>
    <subfield code="d">2015-09-26</subfield>
    <subfield code="l">1</subfield>
    <subfield code="o">AGR HOU 2010 B047 Or.3</subfield>
    <subfield code="p">RUA006643</subfield>
    <subfield code="r">2018-07-17</subfield>
    <subfield code="s">2018-07-16</subfield>
    <subfield code="w">2015-09-26</subfield>
    <subfield code="y">AGR</subfield>
  </datafield>
  <datafield tag="952" ind1=" " ind2=" ">
    <subfield code="0">0</subfield>
    <subfield code="1">0</subfield>
    <subfield code="2">ddc</subfield>
    <subfield code="4">0</subfield>
    <subfield code="6">AGR_HOU_2010_000000000000000_B047_OR_4</subfield>
    <subfield code="7">0</subfield>
    <subfield code="9">5530</subfield>
    <subfield code="a">LBB</subfield>
    <subfield code="b">LBB</subfield>
    <subfield code="c">B047</subfield>
    <subfield code="d">2015-09-26</subfield>
    <subfield code="l">1</subfield>
    <subfield code="o">AGR HOU 2010 B047 Or.4</subfield>
    <subfield code="p">RUA006787</subfield>
    <subfield code="r">2018-07-17</subfield>
    <subfield code="s">2018-07-16</subfield>
    <subfield code="w">2015-09-26</subfield>
    <subfield code="y">AGR</subfield>
  </datafield>
</record>
